000 00726nac a22002171u 4500
010 _a 92169073
020 _a0582073790
082 0 0 _a320.904
_bCAL
090 _c6086
_d6086
100 _aCalvocoressi, Peter.
245 1 0 _aWorld politics since 1945 /
_cPeter Calvocoressi.
250 _a6th ed.
260 _aLondon ;
_aNew York :
_bLongman,c.1991.
_cc.1991.
300 _axiii, 754 p. :
_bmaps ;
_c24 cm.
500 _aIncludes index.
500 _aDistributer: Al-Ahram.
511 _aCatalogued By: Mahitab.
650 0 _aWorld politics
_y1945-
942 _cBB
_k320.904CAL
_s1
999 _c6086
_d6086